Just in Time Leadership (Record no. 595498)
[ view plain ]
| 000 -LEADER | |
|---|---|
| fixed length control field | 00331nam a22001337a 4500 |
| 020 ## - INTERNATIONAL STANDARD BOOK NUMBER | |
| International Standard Book Number | 9788175541115 |
| 040 ## - CATALOGING SOURCE | |
| Transcribing agency | NUST |
| 082 ## - DEWEY DECIMAL CLASSIFICATION NUMBER | |
| Classification number | 658.4092 BIR |
| 100 ## - MAIN ENTRY--PERSONAL NAME | |
| Personal name | Birch, Paul |
| 9 (RLIN) | 60144 |
| 245 ## - TITLE STATEMENT | |
| Title | Just in Time Leadership |
| 260 ## - PUBLICATION, DISTRIBUTION, ETC. | |
| Place of publication, distribution, etc. | New Delhi: |
| Name of publisher, distributor, etc. | Kogan Page, |
| Date of publication, distribution, etc. | 2005. |
| 650 ## - SUBJECT ADDED ENTRY--TOPICAL TERM | |
| Topical term or geographic name entry element | Just in Time Leadership |
| 9 (RLIN) | 114103 |
| 942 ## - ADDED ENTRY ELEMENTS (KOHA) | |
| Source of classification or shelving scheme | |
| Koha item type | Book |
| Withdrawn status | Lost status | Source of classification or shelving scheme | Damaged status | Not for loan | Permanent Location | Current Location | Shelving location | Date acquired | Total Checkouts | Full call number | Barcode | Date last seen | Price effective from | Koha item type |
|---|---|---|---|---|---|---|---|---|---|---|---|---|---|---|
| College of Electrical & Mechanical Engineering (CEME) | College of Electrical & Mechanical Engineering (CEME) | General Stacks | 08/11/2023 | 658.4092 BIR | CEME-658.4092 | 08/11/2023 | 08/11/2023 | Book |
